000 01172 a2200217 4500
003 NUST
005 20221201140755.0
010 _a 73017668
020 _a8123908717
_a0471322466 (pbk.)
040 _cNust
082 0 0 _a537,KAK
100 1 _aKakani S.L
_982579
245 1 0 _aElectromagnetism :
_bTheory & Problems electrodynamics and plasma physics /
_c By S .L Kakani
260 _aLondon,
_aNew Delhi
_b CBS
_c2002.
300 _axiv, 628 p.:
_billus.
_c24 cm.
490 0 _aThe Manchester physics series
505 _aVector Analysis (Page-1), Scalar and Vector Fields (Page-25), Electrostatics (Page-58), Electrostatics in Dielectrics (Page-122), Solution of Boundary Value Problems in Electrostatic Fields (Page-188), Magneto statics (Page-246), Electromagnetic Induction and Maxwell’s Equations (Page -307), Electromagnetic Waves (Page-379), Scattering and Dispersion Electromagnetic Waves (Page-429), Wave Guides (Page-460), Electromagnetic Radiation and Radiating Systems (Page-501), Propagation of Electromagnetic Waves Through Ionized Media (Page-583) .
650 0 _aElectromagnetism.
700 1 _aPhillips, W. R.
_939798
942 _2ddc
_cBK
_k537,KAK
999 _c183980
_d183980